Skoki Narciarskie - Zwycięzcy najważniejszych turniejów (HARD) - Statystyki

Ogólne statystyki
  • Ten quiz został rozwiązany 443 razy
    47 od ostatniego zresetowania
  • Średni wynik to 145 z 262
Statystyki odpowiedzi
Pora roku Zawodnik % Poprawnych
2000/2001 | 2001, Lahti | 2001/2002 | +4 others Adam Małysz
94%
2018, Pjongczang Andreas Wellinger
94%
2019, Seefeld in Tirol | 2019/2020 Dawid Kubacki
94%
2025, Trondheim | 2025/2026 | 2026, Mediolan / Cortina | 2026, Oberstdorf Domen Prevc
94%
2020/2021 | 2022/2023 Halvor Egner Granerud
94%
2013, Predazzo | 2013/2014 | 2014, Soczi | +4 others Kamil Stoch
94%
2015/2016 | 2016, Tauplitz/Bad Mitterndorf Peter Prevc
94%
2018/2019 | 2021/2022 | 2022, Pekin | 2023/2024 Ryōyū Kobayashi
94%
2002, Salt Lake City Simon Ammann
94%
2014/2015 | 2016/2017 | 2017, Lahti | +4 others Stefan Kraft
94%
2011/2012 | 2013, Predazzo Anders Bardal
88%
2024/2025 Daniel Tschofenig
88%
2008, Oberstdorf | 2008/2009 | 2011, Oslo | +2 others Gregor Schlierenzauer
88%
2005/2006 | 2005/2006* Jakub Janda
88%
1997, Trondheim | 1998/1999 | 2002/2003 | +5 others Janne Ahonen
88%
2022, Pekin | 2022, Vikersund | 2025, Trondheim Marius Lindvik
88%
2019, Innsbruck Markus Eisenbichler
88%
1982, Oslo | 1982/1983 | 1984, Sarajewo | +5 others Matti Nykänen
88%
2026, Mediolan / Cortina Philipp Raimund
88%
2021, Oberstdorf | 2023, Planica Piotr Żyła
88%
2014, Harrachov | 2014/2015 | 2015, Falun Severin Freund
88%
2002, Salt Lake City | 2007, Sapporo | 2009/2010 | +2 others Simon Ammann
88%
2006, Turyn | 2007/2008 | 2010/2011 | 2011, Oslo Thomas Morgenstern
88%
1992/1993 | 1994/1995 | 1995/1996 | 1996, Tauplitz/Bad Mitterndorf Andreas Goldberger
81%
1998/1999 | 1999, Bischofshofen | 1999/2000 | 2001, Lahti Martin Schmitt
81%
2000, Vikersund | 2001/2002 | 2002, Harrachov Sven Hannawald
81%
1997/1998 | 1998, Nagano | 1998, Oberstdorf | 1999, Ramsau Kazuyoshi Funaki
75%
1996/1997 | 1997/1998 Primož Peterka
75%
2013/2014 Thomas Diethart
75%
1991/1992 | 1992, Albertville Toni Nieminen
75%
2009/2010 Andreas Kofler
69%
1983/1984 | 1984, Sarajewo | 1984/1985 | +5 others Jens Weißflog
69%
2020, Planica Karl Geiger
69%
2023, Planica Timi Zajc
69%
2018, Oberstdorf Daniel-André Tande
63%
1972, Sapporo Wojciech Fortuna
63%
2008/2009 | 2009, Liberec Wolfgang Loitzl
63%
1993, Falun | 1993/1994 | 1994, Lillehammer Espen Bredesen
56%
1988/1989 Jan Boklöv
56%
1992, Harrachov Noriaki Kasai
56%
2012 , Vikersund Robert Kranjec
56%
2015, Falun Rune Velta
56%
1989/1990 Ari-Pekka Nikkola
50%
2003/2004 Sigurd Pettersen
50%
1995, Thunder Bay Takanobu Okabe
50%
2006/2007 Anders Jacobsen
44%
1986, Tauplitz/Bad Mitterndorf | 1987, Oberstdorf | 1990/1991 Andreas Felder
44%
2006, Turyn Lars Bystøl
44%
1938, Lahti Asbjørn Ruud
38%
1931, Oberhof | 1932, Lake Placid | 1935, Wysokie Tatry | +2 others Birger Ruud
38%
1979/1980 | 1980/1981 Hubert Neuper
38%
2004, Planica | 2006, Tauplitz/Bad Mitterndorf Roar Ljøkelsøy
38%
2005, Oberstdorf Rok Benkovič
38%
1929, Zakopane Sigmund Ruud
38%
1995, Thunder Bay Tommy Ingebrigtsen
38%
1999/2000 Andreas Widhölzl
31%
1979, Planica | 1981/1982 | 1982, Oslo Armin Kogler
31%
1989/1990 | 1990, Vikersund Dieter Thoma
31%
1980/1981 Armin Kogler
31%
1991, Predazzo Heinz Kuttin
31%
1993, Falun | 1997, Trondheim Masahiko Harada
31%
1986/1987 Vegard Opaas
31%
2009, Liberec Andreas Küttel
25%
1966, Oslo | 1966/1967 | 1967/1968 | 1968/1969 Bjørn Wirkola
25%
1998, Nagano Jani Soininen
25%
1994, Planica Jaroslav Sakala
25%
1968, Grenoble | 1970/1971 Jiří Raška
25%
1934, Sollefteå Kristian Johansson
25%
1980, Lake Placid Toni Innauer
25%
1972, Sapporo Yukio Kasaya
25%
1981, Oberstdorf | 1989, Lahti Jari Puikkonen
19%
1939, Zakopane | 1953 Josef Bradl
19%
1985/1986 | 1986/1987 | 1992, Albertville Ernst Vettori
13%
1957/1958 | 1958/1959 | 1960, Squaw Valley | +2 others Helmut Recknagel
13%
1924, Chamonix | 1926, Lahti Jacob Tullin Thams
13%
1955/1956 Nikołaj Kamienski
13%
1972/1973 Rainer Schmidt
13%
1972, Planica | 1977, Vikersund Walter Steiner
13%
1928, Sankt Moritz Alf Andersen
6%
1956, Cortina d’Ampezzo Antti Hyvärinen
6%
1952, Oslo Arnfinn Bergmann
6%
1961/1962 Eino Kirjonen
6%
1991, Predazzo Franci Petek
6%
1970, Wysokie Tatry Garij Napałkow
6%
1930, Oslo Gunnar Andersen
6%
1950, Lake Placid Hans Bjørnstad
6%
1973, Oberstdorf | 1973/1974 | 1974, Falun | 1976, Innsbruck Hans-Georg Aschenbach
6%
1954/1955 Hemmo Silvennoinen
6%
1969/1970 Horst Queck
6%
1971/1972 Ingolf Mork
6%
1987, Oberstdorf Jiří Parma
6%
1980, Lake Placid Jouko Törmänen
6%
1975, Tauplitz/Bad Mitterndorf Karel Kodejška
6%
1977/1978 Kari Ylianttila
6%
1976, Innsbruck Karl Schnabl
6%
1983, Harrachov Klaus Ostwald
6%
1981/1982 Manfred Deckert
6%
1953/1954 Olaf B. Bjørnstad
6%
1988, Oberstdorf Ole Gunnar Fidjestøl
6%
1978/1979 Pentti Kokkonen
6%
1956/1957 Pentti Uotinen
6%
1985, Seefeld in Tirol Per Bergerud
6%
1948, Sankt Moritz Petter Hugsted
6%
1988/1989 Risto Laakkonen
6%
1978, Lahti Tapio Räisänen
6%
1962, Zakopane | 1962/1963 | 1964, Innsbruck Toralf Engan
6%
1964/1965 Torgeir Brandtzæg
6%
1963/1964 | 1964, Innsbruck | 1965/1966 Veikko Kankkonen
6%
1925, Jańskie Łaźnie Willen Dick
6%
1974/1975 Willi Pürstl
6%
1968, Grenoble Władimir Biełousow
6%
1975/1976 | 1976/1977 Jochen Danneberg
0%
1958, Lahti Juhani Kärkinen
0%
1933, Innsbruck Marcel Reymond
0%
1978, Lahti Matthias Buse
0%
1954, Falun Matti Pietikäinen
0%
1959/1960 Max Bolkart
0%
1927, Cortina d’Ampezzo Tore Edman
0%
Nie znaleziono quizów pasujących do podanych kryteriów
Rozkład punktacji
Procent ludzi z każdym wynikiem
Percentyl według liczby udzielonych odpowiedzi
Twoja historia wyników
Nie rozwiązałeś tego quizu od ostatniego zresetowania